|
|
|
|
| LEADER |
01206nam a2200301 4500 |
| 001 |
30865 |
| 003 |
BD-DhAAL |
| 005 |
20160217122545.0 |
| 008 |
160210r20151971ii 001 0 eng |
| 010 |
|
|
|a 74924392
|
| 020 |
|
|
|a 9788180388552
|
| 040 |
|
|
|a DLC
|c DLC
|d DLC
|d BD-DhAAL
|
| 050 |
0 |
0 |
|a KNS2450
|b .J35 1971
|
| 082 |
|
|
|2 22
|a 340.954
|
| 100 |
1 |
|
|a Jain, Mahabir Prashad.
|9 15641
|
| 245 |
1 |
0 |
|a Principles of administrative law /
|c M. P. Jain...[et al.]
|
| 264 |
|
|
|a Noida :
|b LexisNexis,
|c 2015 [Reprinted]
|
| 300 |
|
|
|a cxlvii, 1100 pages ;
|c 25 cm.
|
| 350 |
|
|
|a Rs30.00
|
| 526 |
|
|
|a Law
|
| 541 |
|
|
|e 30865, 30866
|
| 650 |
|
0 |
|a Administrative law
|z India.
|9 15642
|
| 700 |
1 |
|
|a Jain, Srimandir Nath,
|d 1928-
|9 15643
|
| 852 |
|
|
|a Ayesha Abed Library
|c General Stacks
|
| 942 |
|
|
|2 ddc
|c BK
|
| 999 |
|
|
|c 35879
|d 35879
|
| 952 |
|
|
|0 0
|1 0
|2 ddc
|4 0
|6 340_954000000000000_JAI
|7 0
|9 57707
|a BRACUL
|b BRACUL
|c GEN
|d 2016-01-21
|e R K Corporation
|g 2640.00
|l 1
|m 1
|o 340.954 JAI
|p 3010030865
|r 2022-06-15
|s 2022-06-01
|t 1
|v 2640.00
|w 2016-01-21
|y BK
|
| 952 |
|
|
|0 0
|1 0
|2 ddc
|4 0
|6 340_954000000000000_JAI
|7 0
|9 57708
|a BRACUL
|b BRACUL
|c GEN
|d 2016-01-21
|e R K Corporation
|g 2640.00
|l 0
|o 340.954 JAI
|p 3010030866
|r 2016-01-26
|t 2
|v 2640.00
|w 2016-01-21
|y BK
|